000 00601nas a2200217 4500
001 BR8405064
003 BR-BrBNA
005 20231205090023.0
007 ta
008 230509b bl.|||p| |||| 00| 00por d
040 _aBR-BrBNA
_bpor
_cBiblioteca Nacional de Agricultura
041 _a(Pt)
072 _aF01
100 1 _aSiqueira, E.M.
245 1 _aA cobertura ideal [morango]
650 _aMORANGO
650 _aPRATICA CULTURAL
773 0 _tGranja (Brazil)
_xISSN 0367-505X
_g(Sep 1984), v. 40(440) p. 87-90
_wBR8405064
909 _a202311
_bLúcia
_c55
_dLúcia Elande
942 _2AGRIS
_n0
_cANA
999 _c115581
_d115581